000
00314nam a22001217a 4500
008
180124b xxu||||| |||| 00| 0 eng d
041
_a
eng
080
_a
33
100
_a
52
101
_a
ECO
245
_a
ECONOMIC AND DEMOGRAPHIC PROJECTIONS FOR STATES AND METROPOLITAN AREAS
_c
AREAS.M
942
_2
udc
_c
BK
999
_c
40872
_d
40872